Central Library OPAC University of Rajshahi

মুসলিম আইন / (Record no. 55024)

MARC details
000 -LEADER
fixed length control field 00813nam a2200241 a 4500
001 - CONTROL NUMBER
control field 55024
003 - CONTROL NUMBER IDENTIFIER
rucl marc code BD-RjUL
005 - DATE AND TIME OF LATEST TRANSACTION
control field 20211209080214.0
008 - FIXED-LENGTH DATA ELEMENTS--GENERAL INFORMATION
fixed length control field 161113s2009 bg ||||| |||| 00| 0 ben d
020 ## - INTERNATIONAL STANDARD BOOK NUMBER
International Standard Book Number 9840747746
Terms of availability : Tk.170.00
035 ## - SYSTEM CONTROL NUMBER
System control number (BD-RjUL)55146
040 ## - CATALOGING SOURCE
Original cataloging agency BD-RjUL
Language of cataloging ben
Transcribing agency BD-RjUL
Modifying agency BD-RjUL
041 ## - LANGUAGE CODE
Language code of text/sound track or separate title ben
082 ## - DEWEY DECIMAL CLASSIFICATION NUMBER
Edition number 23
Classification number 340.59
Author mark and year ALM 2009
100 ## - MAIN ENTRY--PERSONAL NAME
Personal name আলম, গাওছুল
9 (RLIN) 143542
245 10 - TITLE STATEMENT
Title মুসলিম আইন /
Statement of responsibility, etc. গাওছুল আলম,
260 ## - PUBLICATION, DISTRIBUTION, ETC. (IMPRINT)
Place of publication, distribution, etc. ঢাকা :
Name of publisher, distributor, etc. বাংলা একাডেমী,
Date of publication, distribution, etc. ২০০৯
300 ## - PHYSICAL DESCRIPTION
Pagination [৮], ৩২৪ পৃ. ;
Size ২৩ সেমি.
500 ## - GENERAL NOTE
General note নির্ঘন্ট সংযুক্ত
650 ## - SUBJECT ADDED ENTRY--TOPICAL TERM
Topical term or geographic name as entry element মুসলিম আইন
9 (RLIN) 117821
Topical term or geographic name as entry element Islamic law
9 (RLIN) 143543
942 ## - ADDED ENTRY ELEMENTS (KOHA)
Source of classification or shelving scheme Dewey Decimal Classification
Koha item type Books
Holdings
Lost status Source of classification or shelving scheme Damaged status Not for loan Collection code Permanent Location Current Location Shelving location Date acquired Source of acquisition Cost, normal purchase price Total Checkouts Full call number Date last seen Date checked out Copy number Koha item type
  Dewey Decimal Classification     Non-fiction Central Library, University of Rajshahi Central Library, University of Rajshahi   04/02/2012 Bangla Academy, Dhaka. 170.00 5 B 340.59 ALM 2009 10/07/2025 26/06/2025 C-2 Books
  Dewey Decimal Classification   Not For Loan Non-fiction Central Library, University of Rajshahi Central Library, University of Rajshahi Reading Room 04/02/2012 Bangla Academy, Dhaka 170.00   B 340.59 ALM 2009 27/12/2016   C-1 Books